000
00330 a2200109 4500
001
ART_6251
005
20260410161619.0
008
260409a
245
1
0
_a
Justificación del uso de las sociedades irregulares y de hecho
100
1
_a
Rodríguez, Raquel E.
773
0
_t
Enfoques
_g
- Nº 9 (sep. 2008)
_w
REV416
999
_c
11363
_d
11363